00992nam a2200157Ia 4500003000900000005001700009008004100026040001300067040001300080041000800093100002500101245003100126260003800157300001800195520062100213IT-RoPAU20220918175748.0120407s9999 xx 000 0 und d aIT-RoPAU cIT-RoPAU aita aCasa Generalizia FSP aStato Personale PSFS 1993. c1993aRomabCasa Generalizia FSP  a211 p.c20 cm aIndice generale Governo Generale Situazione generale Governi di Circoscrizione Comunità - Superiore Casa Generalizia e Case Dipendenti Province Argentina - Uruguay Brasile Colombia - Ecuador Corea Filippine - Malaysia - Papua N. Guinea Giappone India Italia - Svizzera Messico Stati Uniti Delegazioni: Africa Orientale - Mozambico Albano (Italia) Australia Canada - Quebec Ciloe Francia Germania Gran Bretagna Pakistan Perú - Bolivia Portogallo Spagna Taiwan Venezuela - Portorico Zaire Elenco Professe perpetue Elenco Professe temporanee Elenco Professe defunte Indice Alfabetico delle Case Indice generale